000 00428cam a22001572 4500
082 _a526.9
_bSUR
_cL-16, P-16
110 1 _aSGP.
_939710
245 0 0 _aSurvey in war.
250 _a3d ed.,
260 _aDehra Dun,
_bPrinted at the survey of Pakistan,
_c1939.
300 _axii, 167 p.
_bdiagrs.
526 _a0
_b0
_c0
_d526_900000000000000_SUR
650 0 _aMCE
_9379
650 0 _aMilitary topography.
_939711
942 _2ddc
_cBK
999 _c544156
_d544156